M.E.M.E.S - Statistics

General Stats
  • This quiz has been taken 119 times
  • The average score is 4 of 9
Answer Stats
Hint Answer % Correct
So you have chosen _____ Death
85%
Pickle with a face on it Pickle Rick
72%
Why are you _____, WHY ARE YOU _____!? Running
68%
Reject human, return to _____ Monke
59%
Square chin markiplier E
43%
____, ____ Wirf die gser an die wand Russland ist ein schönes Land ho, ho, Ho, ho, ho, hey! Moskau
22%
Oh no! Anyways
7%
Watch this, Look it's not a ___ at all Box
6%
Yellow triangle singing a song Dancing triangle
5%
No matching quizzes found
Score Distribution
Percent of People with Each Score
Percentile by Number Answered
Your Score History
You have not taken this quiz